000
00208 a2200109 4500
020
_a
9788478442515
041
_a
spa
100
_a
Jostein Gaarder
245
_a
El Mundo De Sofia
942
_c
BK
952
_7
1
999
_c
22556
_d
22556